[Event "Brasilia Centro Oeste-ch"]
[Site "Brasilia"]
[Date "2015.05.15"]
[Round "6"]
[White "De Oliveira, Francemir Barra"]
[Black "Miranda Silva, Benur Wanderley"]
[Result "0-1"]
[WhiteElo "1731"]
[BlackElo "1768"]
[PlyCount "60"]
[EventDate "2015.05.15"]
[EventType "swiss"]
[EventRounds "6"]
[EventCountry "BRA"]
[SourceTitle "CBM 166 Extra"]
[Source "ChessBase"]
[SourceDate "2015.06.18"]
[SourceVersion "1"]
[SourceVersionDate "2015.06.18"]
[SourceQuality "1"]

1. e4 e5 2. d4 exd4 3. c3 dxc3 4. Bc4 Nf6 5. e5 Qe7 6. f4 d5 7. Bb3 c6 8. bxc3 Ne4 9. Nf3 Qc7 10. Be3 Be7 11. 0-0 0-0 12. Qe1 Bg4 13. c4 Qd8 14. cxd5 cxd5 15. Nd4 Bh4 16. g3 Be7 17. Qc1 Bh3 18. Rd1 Na6 19. a3 Rc8 20. Qb2 Bg4 21. Rd3 Nac5 22. Bc2 Nxd3 23. Bxd3 Bc5 24. Nd2 Nxd2 25. Qxd2 b6 26. f5 Qe7 27. Qf2 Qxe5 28. Kg2 Rfe8 29. Bb5 Qxe3 30. Bxe8 Qxf2+ 0-1

[Event "Brasilia Centro Oeste-ch"]
[Site "Brasilia"]
[Date "2015.05.15"]
[Round "3"]
[White "Miranda Silva, Benur Wanderley"]
[Black "De Queiroz, Glauber Pimentel"]
[Result "1/2-1/2"]
[WhiteElo "1768"]
[BlackElo "1820"]
[PlyCount "41"]
[EventDate "2015.05.15"]
[EventType "swiss"]
[EventRounds "6"]
[EventCountry "BRA"]
[SourceTitle "CBM 166 Extra"]
[Source "ChessBase"]
[SourceDate "2015.06.18"]
[SourceVersion "1"]
[SourceVersionDate "2015.06.18"]
[SourceQuality "1"]

1. d4 Nf6 2. c4 g6 3. Nc3 d5 4. Nf3 Bg7 5. h3 0-0 6. Bf4 c5 7. e3 Nc6 8. Be2 cxd4 9. exd4 Qa5 10. 0-0 Rd8 11. Nb5 Ne8 12. c5 Rd7 13. a3 a6 14. b4 Qd8 15. Nc3 b5 16. Rb1 Rb7 17. Qd2 Bf5 18. Rb2 Nc7 19. Rd1 Be4 20. Nxe4 dxe4 21. Ne5 1/2-1/2

[Event "Brasilia FBX op"]
[Site "Brasilia"]
[Date "2015.02.27"]
[Round "1"]
[White "Miranda Silva, Benur Wanderley"]
[Black "Felix, Raimundo Nascimento"]
[Result "0-1"]
[WhiteElo "1800"]
[BlackElo "1904"]
[PlyCount "86"]
[EventDate "2015.02.27"]
[EventType "swiss"]
[EventRounds "5"]
[EventCountry "BRA"]
[SourceTitle "CBM 165 Extra"]
[Source "ChessBase"]
[SourceDate "2015.04.21"]
[SourceVersion "1"]
[SourceVersionDate "2015.04.21"]
[SourceQuality "1"]

1. e4 c5 2. Nf3 d6 3. Be2 Nc6 4. d3 Nf6 5. Nc3 g6 6. Be3 Bg7 7. Rb1 Ng4 8. 0-0 0-0 9. Qd2 Nd4 10. Bd1 Bd7 11. Bxd4 cxd4 12. Ne2 e5 13. c3 Bh6 14. Qc2 Rc8 15. c4 f5 16. h3 fxe4 17. dxe4 Nf6 18. Qd3 b6 19. b4 Kh8 20. b5 Qe7 21. Ng3 Bf4 22. Nd2 Be6 23. Bb3 Qg7 24. Rbc1 Rc5 25. Rc2 Rfc8 26. Rfc1 Qh6 27. Ngf1 Nd7 28. Re1 R5c7 29. g4 Rf8 30. Kg2 Nc5 31. Qe2 d3 32. Qd1 dxc2 33. Bxc2 Rcf7 34. Re2 Bd7 35. Nb3 Be6 36. Nxc5 dxc5 37. Ne3 Bxe3 38. fxe3 Bxc4 39. Rd2 Qxe3 40. Bd3 Rf2+ 41. Rxf2 Rxf2+ 42. Kh1 Qxh3+ 43. Kg1 Qg2# 0-1